Economic crises in Malaysia : Causes, implications & policy prescriptions

Bibliographic Details
Main Author: OKPOSIN
Other Authors: Cheng
Format: Book
Published: Subang Jaya, Selangor : Pelanduk Pub. , 2000
Subjects:

MARC

LEADER 00000cam a2200000 7i4500
001 0000001055
005 20131214.0
020 0 0 |a 9679786935 
090 0 0 |a 330.9595   |b OKP 2000 
100 1 0 |a OKPOSIN   |h Samuel Bassey 
245 1 0 |a Economic crises in Malaysia :   |b Causes, implications & policy prescriptions   |c Samuel Bassey Okposin, Cheng Ming Yu 
260 0 0 |a Subang Jaya, Selangor :   |b Pelanduk Pub. ,   |c 2000 
300 |a 204 p. ;   |c 21 cm. 
500 0 0 |a Bibliography: [p. 189-199] and index 
650 0 0 |a Commercial products   |z Malaysia 
650 0 0 |a Commodity control   |z Malaysia 
650 0 0 |a Financial crises   |z Malaysia 
650 0 0 |a Malaysia   |x Economic conditions 
650 0 0 |a Malaysia   |x Economic policy 
700 0 1 |a Cheng   |h Ming Yu 
998 |a JPSM 
999 |a 0000002325   |b Monograph   |c Open Shelf   |e Default branch